Non-Self-Governing Territory Flag-Shapes - Statistics

General Stats
  • This quiz has been taken 486 times
  • The average score is 10 of 16
Answer Stats
Picture Hint Answer % Correct
Disputed Western Sahara
98%
United States Guam
93%
United Kingdom Gibraltar
86%
United Kingdom Falkland Islands
79%
France New Caledonia
78%
United Kingdom Bermuda
72%
France French Polynesia
67%
United Kingdom Anguilla
63%
United Kingdom Montserrat
63%
United States United States Virgin Islands
59%
New Zealand Tokelau
51%
United Kingdom British Virgin Islands
47%
United Kingdom Turks and Caicos Islands
43%
United Kingdom Cayman Islands
41%
United Kingdom Saint Helena, Ascension and Tristan da Cunha
41%
United Kingdom Pitcairn, Henderson, Ducie and Oeno Islands
29%
No matching quizzes found
Score Distribution
Percent of People with Each Score
Percentile by Number Answered
Your Score History
You have not taken this quiz